Normal view
MARC view
Entry Personal Name
001 - CONTROL NUMBER
- control field: 1238342
003 - CONTROL NUMBER IDENTIFIER
- control field: OSt
005 - DATE AND TIME OF LATEST TRANSACTION
- control field: 20260430150755.0
008 - FIXED-LENGTH DATA ELEMENTS
- fixed length control field: 260430|| aca||aabn | a|a d
040 ## - CATALOGING SOURCE
- Original cataloging agency: OSt
- Transcribing agency: OSt
100 ## - HEADING--PERSONAL NAME
- Personal name: दिल्ली विश्वविद्यालय. सामाजिक विज्ञान संकाय. राजनीतिक विज्ञान विभाग
670 ## - SOURCE DATA FOUND
- Source citation: Work cat.: (OSt)1850712: शर्मा, गरिमा, ले. 868689, लोकतांत्रिक राजनीति में अल्पसंख्यकः भारत में मुस्लिम एवं इजराइल में अरब का एक तुलनात्मक अध्ययन, 2022
